Arctic Monkeys Lyrics - Catapult - Statistics

General Stats
  • This quiz has been taken 58 times
  • The average score is 216 of 289
Answer Stats
Lyrics % Correct
he
97%
He
97%
You
97%
you
97%
a
94%
catapult
94%
to
94%
your
94%
And
91%
and
91%
daddy
91%
he's
91%
his
91%
His
91%
back
88%
kiss
88%
the
88%
then
88%
what
88%
with
88%
capable
85%
I
85%
In
85%
in
85%
of
85%
think
85%
away,
82%
away
82%
Both
82%
both
82%
but
82%
cannot
82%
from
82%
Just
82%
just
82%
mist
82%
sides
82%
whisper
82%
He'll
79%
he'll
79%
Is
79%
Nice
79%
nice
79%
on
79%
tell
79%
try
79%
turn
79%
will
79%
day
76%
go
76%
if
76%
misery
76%
splits
76%
that
76%
That
76%
any
74%
as
74%
could
74%
him
74%
It's
74%
Or
74%
or
74%
talk
74%
tragedy
74%
When
74%
without
74%
after
71%
finger,
71%
slaps
71%
There's
71%
they
71%
arse
68%
bye
68%
high
68%
hissing
68%
leaving
68%
make
68%
-pitched
68%
same
68%
saying
68%
socks
68%
stone
68%
triumph
68%
us
68%
came
65%
feel
65%
for
65%
into
65%
jaw
65%
kisses
65%
not
65%
used
65%
all
62%
flicks
62%
friend
62%
hollow
62%
impossible
62%
index
62%
inferior
62%
lady
62%
out
62%
pissing
62%
sound
62%
talking
62%
voice
62%
was
62%
carve
59%
ear
59%
how
59%
I've
59%
listen
59%
nape
59%
seen
59%
waiting
59%
chance
56%
cut
56%
escape
56%
girl
56%
little
56%
poor
56%
Where
56%
baritone
53%
got
53%
let
53%
queue
53%
up
53%
blocks
50%
building
50%
dust
50%
extinguish
50%
growl
50%
own
50%
softly
50%
some
50%
watch
50%
betrayal
47%
heart
47%
whispered
47%
around
44%
avenue
44%
charming
44%
chase
44%
club
44%
down
44%
join
44%
pestering
44%
knows
41%
legs
41%
ones
41%
shut
41%
track
41%
hang
38%
Incessantly
38%
teach
38%
cork
35%
missed
35%
Turned
35%
bits
32%
Dread
32%
put
32%
fuss
29%
blub
26%
No matching quizzes found
Score Distribution
Percent of People with Each Score
Percentile by Number Answered
Your Score History
You have not taken this quiz